Detalles MARC
| 000 -LEADER |
| fixed length control field |
02133nam a2200217 a 4500 |
| 005 - FECHA ULTIMA MODIFICACION |
| control field |
20240930102015.0 |
| 008 - CAMPO DE CONTROL (LIBRO) |
| fixed length control field |
100615t2006||||ag g | | || s sspa d |
| 020 ## - INTERNATIONAL STANDARD BOOK NUMBER |
| ISBN |
9789500427722 |
| 041 ## - CODIGO DE IDIOMA |
| Código de idioma del texto/pista de sonido o título separado |
spa |
| 092 ## - SIGNATURA TOPOGRAFICA DEWEY LOCAL |
| número de clasificación |
895.6 |
| libristica |
2 |
| sección |
AKU |
| 100 1# - ENTRADA PRINCIPAL--NOMBRE PERSONAL |
| Nombre personal |
Akutagawa, Ryunosuke |
| 9 (RLIN) |
3482 |
| 245 ## - TITULO PROPIAMENTE DICHO |
| Título |
Vida de un loco. |
| Subtítulo y Título paralelo |
Tres relatos / |
| Mención de responsabilidad y remanente de la transcripción de la portada |
Ryunosuke Akutagawa |
| 250 ## - MENCION DE EDICION |
| Mención de edición |
1a ed. |
| Mención de responsabilidad relacionada con la ed. |
Tradución Mirta Rosenberg ; Prólogo Luis Chitarroni ; Epílogo Jorge Luis Borges. |
| 260 ## - PIE DE IMPRENTA |
| Lugar de publicación, distribución, etc |
Buenos Aires: |
| Nombre de la editorial, distribuidor, etc |
Emecé; |
| Fecha de publicación |
2006. |
| 300 ## - DESCRIPCION FISICA |
| Extension |
216 p. |
| Otros detalles físicos |
23x14 cm |
| 500 ## - NOTA GENERAL |
| Nota general |
Akutagawa, R. (2006). Vida de un loco. Tres relatos. (1a ed.). Buenos Aires : Emecé. |
| 505 ## - NOTA DE CONTENIDO |
| Nota de contenido formateada |
Las tres obras de Rynosuke Akutagawa presentadas en este libro se cuentan entre los experimentos más significativos de la ficción japonesa. Ellas combinan las técnicas de la novela corta, el diario y los impresionistas poemas en prosa. En "El biombo del infierno", un artista de la corte en el Japón feudal vende su alma a las huestes infernales, al coto de la vida de su hija y de la suya propia. "Los engranajes", diario concluido el mismo día en que Akutagawa se suicidó, muestra la lucha del artista contra el miedo a enloquecer. Fantasia y realidad se funden en la imaginación del autor, descontrolada y asolada por figuras obsesivas similares a la redas de engranajes. "Vida de un loco" contiene anotaciones poéticas exquisitamente compuestas acerca de hechos de la vida cotidiana; las ansiedades diarias emergen de forma distorsionada, mezcladas con elementos ficcionales, referencias a autores y libro amados, reflexiones morales y filosóficas, parábolas y metáforas. Este volumen -que se abre con un prólogo de Luis Chitarroni- está integrado, además, por la "Carta a un viejo amigo", que Akutagawa escribió como despedida antes de quitarse la vida. A modo de epílogo, se incluye un texto de Jorge Luis Borges que lo describió así: "La extravagancia y el horror están en sus páginas, pero no en el estilo, que siempre es límpido". |
| 590 ## - NOTAS LOCALES (RLIN) |
| Nota local |
Proyecto 4to libro. Donación María Vitarelli, Diciembre 2017. |
| 655 ## - MATERIA - GENERO/FORMA |
| Género/Forma |
Literatura |
| -- |
2917 |
| 942 ## - ADDED ENTRY ELEMENTS (KOHA) |
| Source of classification or shelving scheme |
Dewey Decimal Classification |
| Item type |
LITERATURA |